Karma yoga / (Record no. 156278)

MARC details
000 -LEADER
fixed length control field 00528nam a22001937a 4500
005 - DATE AND TIME OF LATEST TRANSACTION
control field 20180824141050.0
010 ## - LCCN (DPL NO)
LC control number ENG-123760
020 ## - INTERNATIONAL STANDARD BOOK NUMBER
International Standard Book Number 9789385289040
Terms of availability 100.00
035 ## - SYSTEM CONTROL NUMBER
System control number EN-107292
037 ## - SOURCE OF ACQUISITION
Source of stock number/acquisition DBAD/PUB
082 ## - DEWEY DECIMAL CLASSIFICATION NUMBER
Classification number 181.46
100 ## - MAIN ENTRY--PERSONAL NAME
Personal name Vivekananda
245 ## - TITLE STATEMENT
Title Karma yoga /
Statement of responsibility, etc by Vivekananda
250 ## - EDITION STATEMENT
Edition statement reprint
260 ## - PUBLICATION, DISTRIBUTION, ETC. (IMPRINT)
Place of publication, distribution, etc New Delhi
Name of publisher, distributor, etc Solar Books
Date of publication, distribution, etc 2017
270 ## - ADDRESS
Address 4239A/1, Veer Sadan, Ansari Road, Daryaganj,
City New Delhi
Postal code 110002
300 v# - PHYSICAL DESCRIPTION
Extent 104p.
Dimensions 21cm(Hb)
Other physical details ill.
942 ## - ADDED ENTRY ELEMENTS (KOHA)
Source of classification or shelving scheme Dewey Decimal Classification
Item type English Books
Call number suffix 181.46
Classification part VIV
Holdings
Withdrawn status Lost status Not for loan Collection code Home library Current library Date acquired Source of acquisition Cost, normal purchase price Full call number Barcode Copy number Cost, replacement price Koha item type
    Not For Loan Non-fiction D.B.Act.Division Bawana 24/08/2018 DBAD/PUB 100.00 VIV 181.46 EN-107292 1 100.00 English Books

© Delhi Public Library
Hit Counter
free hit counter